Catálogo
 En Linea

Los modernistas / (Registro nro. 5556)

Detalles MARC
000 -CABECERA
campo de control de longitud fija 00866cam a2200241 a 4500
001 - NÚMERO DE CONTROL
campo de control 000005760
005 - FECHA Y HORA DE LA ÚLTIMA TRANSACCIÓN
campo de control 20200929151755.0
008 - DATOS DE LONGITUD FIJA--INFORMACIÓN GENERAL
campo de control de longitud fija 761027s1965 uy 001 0 spa
040 ## - FUENTE DE LA CATALOGACIÓN
Centro catalogador/agencia de origen DO-SdBNP
Lengua de catalogación spa
Centro/agencia transcriptor BNPHU
082 ## - NÚMERO DE LA CLASIFICACIÓN DECIMAL DEWEY
Número de clasificación 809.9112
Número de documento/Ítem P438m
100 1# - ENTRADA PRINCIPAL--NOMBRE DE PERSONA
Nombre de persona Pérez Petit, Víctor,
Fechas asociadas al nombre 1871-1947.
9 (RLIN) 16311
245 14 - MENCIÓN DE TÍTULO
Título Los modernistas /
Mención de responsabilidad, etc. Víctor Pérez Petit ; prólogo, Nicolás Fusco Sansone.
260 ## - PUBLICACIÓN, DISTRIBUCIÓN, ETC.
Lugar de publicación, distribución, etc. Montevideo, Uruguay :
Nombre del editor, distribuidor, etc. Ministerio de Instrucción Pública y Revisión Social,
Fecha de publicación, distribución, etc. 1965.
300 ## - DESCRIPCIÓN FÍSICA
Extensión 1 t ;
Dimensiones 20 cm.
490 1# - MENCIÓN DE SERIE
Mención de serie Biblioteca Artigas
490 1# - MENCIÓN DE SERIE
Mención de serie Clásicos uruguayos
Designación de volumen o secuencia 89.
650 #4 - PUNTO DE ACCESO ADICIONAL DE MATERIA--TÉRMINO DE MATERIA
Término de materia o nombre geográfico como elemento de entrada Modernismo (literatura)
9 (RLIN) 834
650 #4 - PUNTO DE ACCESO ADICIONAL DE MATERIA--TÉRMINO DE MATERIA
Término de materia o nombre geográfico como elemento de entrada Literatura moderna
9 (RLIN) 16312
650 #4 - PUNTO DE ACCESO ADICIONAL DE MATERIA--TÉRMINO DE MATERIA
Término de materia o nombre geográfico como elemento de entrada Autores
9 (RLIN) 7190
700 1# - PUNTO DE ACCESO ADICIONAL--NOMBRE DE PERSONA
Nombre de persona Fusco Sansone, Nicolás,
Término indicativo de función/relación prol.
9 (RLIN) 16313
830 #0 - PUNTO DE ACCESO ADICIONAL DE SERIE-TÍTULO UNIFORME
Título uniforme Biblioteca Artigas.
Nombre de parte o sección de la obra clásicos uruguayos ;
Designación de volumen o secuencia 89.
9 (RLIN) 16286
910 ## - DATOS DE OPCIÓN DEL USUARIO (OCLC)
Datos de opción del usuario Catalogación original
Existencias
Estado de retiro Estado de pérdida Restricciones de uso No para préstamo Código de colección Localización permanente Ubicación/localización actual Ubicación en estantería Fecha de adquisición Número de inventario Total de préstamos Signatura topográfica completa Código de barras Fecha visto por última vez Precio válido a partir de Tipo de ítem Koha
    Préstamo interno   Monografías: Libros y Folletos General General En catalogación 22.08.2009 LF1   t.1 5760-10 25.06.2020 25.06.2020 Préstamo interno

Con tecnología Koha